000
00269 a2200097 4500
001
27704
100
_a
Norris, B
245
_a
MOS & Special purpose bipolar integrated circuit and RF power transistor circuit design
260
_a
_b
McGraw-Hill
_c
090
_c
18477
_d
18477
942
_a
NUST-CAE
_c
M
_c
9421
999
_c
262777
_d
262777